Chicago Movies by Picture - Statistics

General Stats
  • This quiz has been taken 423 times
  • The average score is 8 of 16
Answer Stats
Picture Answer % Correct
Home Alone
99%
The Breakfast Club
87%
Ferris Bueller's Day Off
83%
The Blues Brothers
79%
Airplane!
69%
A League of Their Own
55%
The Fugitive
55%
Divergent
47%
The Untouchables
45%
Chicago
36%
Candyman
35%
Weird Science
27%
Midnight Run
16%
Eight Men Out
15%
Scarface
6%
Tad, The Lost Explorer
5%
No matching quizzes found
Score Distribution
Percent of People with Each Score
Percentile by Number Answered
Your Score History
You have not taken this quiz